| 000 | 00754nam a22002297a 4500 | ||
|---|---|---|---|
| 999 |
_c11277 _d11277 |
||
| 003 | AR-CdUCM | ||
| 008 | 190403b ||||| |||| 00| 0 spa d | ||
| 040 |
_aMUNICIPALIDAD PROVINCIAL DEL CUSCO _cBIBLIOTECA MUNICIPAL DEL CUSCO |
||
| 041 | _heng | ||
| 082 |
_a361 / _bS74 / 1893 |
||
| 100 |
_aSpencer, Herbert _99994 |
||
| 245 | _aLa beneficencia / | ||
| 260 |
_aMadrid : _bLa españa moderna, _c1893. |
||
| 300 |
_a261 páginas ; _c22 cm. |
||
| 440 |
_aBiblioteca de jurisprudencia, filosofía e historia ; _928511 |
||
| 505 | _aContenido: Beneficencia negativa -- Beneficencia positiva. | ||
| 650 |
_aBeneficencia _928565 |
||
| 650 |
_aConducta _95062 |
||
| 700 |
_aUnamuno, Miguel De (traducción) _928566 |
||
| 942 |
_2ddc _cLIBROS |
||
| 945 | _aacv | ||